| 000 | 01470 a2200241 4500 | ||
|---|---|---|---|
| 005 | 20080917150242.0 | ||
| 008 | 080917t xxu||||| |||| 00| 0 hin d | ||
| 010 | _aHIN-81761 | ||
| 020 | _c150.00 | ||
| 035 | _aHN-54107 | ||
| 037 | _bपु.प्र.अ.प्र/प्रका | ||
| 082 | _a954.35 | ||
| 100 | _aलोखण्डे, चन्द्रशेखर | ||
| 245 |
_aहैदराबाद मुक्तिसंग्राम का इतिहास/ _cचन्द्रशेखर लोखण्डे |
||
| 246 |
_aHederabad muktisangram ka itihas _bby Chandrashekher Lokhande |
||
| 260 |
_aहिण्डौन सिटी _bश्री घूडमल प्रहलाद कुमार आर्य धर्मार्थ ट्रस्ट _c2004 |
||
| 260 |
_aनई दिल्ली _bसुबोध पॉकेट बुक्स _c2004 |
||
| 270 |
_aब्यानिया पाड़ा _bहिण्डौन सिटी(राज) _e322230 _k07469-234624 |
||
| 270 |
_a2/4240 ए, अंसारी रोड _bनई दिल्ली |
||
| 300 |
_a467पृ _c22 सेमी (सजिल्द) |
||
| 942 |
_adpl _cHN _k954.35 / लोखण्डे _2ddc _h954.35 _mलोखण्डे |
||
| 999 |
_c8899 _d8899 |
||